=LDR 00000nam 2200000 4500 =001 INLIS000000000027835 =005 20130612130200 =008 ***********************************ind** =035 ##$$0010-061300000027835 =041 ##$$a ind =082 ##$$a 92 (Guevara) =090 ##$$a 92 (Guevara), HAR h =245 ##$$a Hari-hari terakhir the Guevara, editor, Robert Scheer; penerjemah, Imelda Sunu =260 ##$$a 2006 $b Yogyakarta =300 ##$$a xi, 185 hlm., 27 cm =650 ##$$a Biografi =650 ##$$a Guevara =700 ##$$a Sunu, Imelda =850 ##$$a NBPNMAT